Gestión y liderazgo en el ámbito de la convivencia escolar.

I tiakina i:
Ngā taipitopito rārangi puna kōrero
Ētahi atu kaituhi: Nail Kröyer, Óscar (Editor), Monereo Font, Carles (Editor)
Hōputu: Tē mōhiotia
Reo:Ingarihi
I whakaputaina: Santiago, Chile: RiL Editores, 2018.
Ngā marau:
Ngā Tūtohu: Tāpirihia he Tūtohu
Kāore He Tūtohu, Me noho koe te mea tuatahi ki te tūtohu i tēnei pūkete!

MARC

LEADER 00000 a2200000 4500
003 CL-VaPUC
005 20230424103657.0
008 230403t2018 ||||| |||| 00| 0 eng d
999 |c 439484  |d 439482 
020 |a 978-956-01-0580-6 
040 |c Pontificia Universidad Católica de Valparaíso 
082 |2 22  |a 370.115 NAI 2018 
100 |a Nail Kröyer, Óscar  |9 595724  |e editor 
245 |a Gestión y liderazgo en el ámbito de la convivencia escolar. 
260 |a Santiago, Chile:   |b RiL Editores,  |c 2018. 
300 |a 190 páginas.  
583 |k GC  |c 20230403 
650 0 |9 519500  |a Convivencia escolar  |x Liderazgo  |x Escuelas y liceos   |z Chile  
650 0 |9 519500  |a Convivencia escolar  |x Gestión de conflictos  |z Chile   |z España  
650 0 |9 554639  |a Inclusión social   |x Liderazgo educativo   |x Migración  
650 0 |a Violencia escolar  |x Liderazgo docente   |9 453211 
700 |9 222233  |a Monereo Font, Carles  |e editor 
942 |2 ddc  |c BK 
952 |0 0  |1 0  |2 ddc  |4 0  |6 370_115000000000000_NAI_2018  |7 0  |8 A  |9 589385  |a FDOPOS  |b FDOPOS  |c S_PSTGRDO  |d 2023-03-31  |e 3  |g 35878.00  |i 5656932  |o 370.115 NAI 2018  |p 5656932  |r 2023-08-09  |t 1  |v 35878.00  |w 2023-03-31  |y BK  |k MLG 
952 |0 0  |1 0  |2 ddc  |4 0  |6 370_115000000000000_NAI_2018  |7 0  |8 A  |9 589386  |a FDOPOS  |b FDOPOS  |c S_PSTGRDO  |d 2023-03-31  |e 3  |g 35878.00  |i 5656933  |o 370.115 NAI 2018  |p 5656933  |r 2023-03-31  |t 2  |v 35878.00  |w 2023-03-31  |y BK  |k MLG